Powiaty I RP z mapą - Statystyki

Ogólne statystyki
  • Ten quiz został rozwiązany 420 razy
    153 od ostatniego zresetowania
  • Średni wynik to 63 z 153
Odpowiedzi na mapie
Odpowiedzi zakodowano w zielono-czerwonej skali na mapie do tego quizu, zgodnie z poniższymi procentami.
 
Statystyki odpowiedzi
Odpowiedź % Poprawnych
Gdańsk
93%
Poznański
90%
Lwowski
86%
Toruń
85%
Krakowski
84%
Warszawski
84%
Bydgoski
83%
Kijowski
83%
Miński
82%
Wileński
82%
Lubelski
79%
Kaliski
78%
Radomski
77%
Płocki
76%
Brzeski
74%
Gnieźnieński
72%
Malborski
71%
Smoleński
66%
Pucki
65%
Sandomierski
65%
Chełmski
64%
Koniński
64%
Piotrkowski
64%
Przemyski
64%
Elbląg
63%
Grodzieński
63%
Sieradzki
62%
Tczewski
61%
Inowrocławski
59%
Łomżyński
59%
Ostrowski
59%
Ciechanowski
58%
Bielski
57%
Ostrołęcki
56%
Łęczycki
54%
Mławski
54%
Bialski
53%
Chełmiński
53%
Grójecki
53%
Sanocki
53%
Łucki
51%
Kowieński
50%
Wieluński
50%
Świecki
49%
Gdański
48%
Płoński
48%
Tucholski
47%
Garwoliński
46%
Kamieniecki
46%
Rawski
46%
Trocki
46%
Piński
44%
Nakielski
43%
Witebski
43%
Przasnyski
41%
Pułtuski
41%
Radomszczański
41%
Sochaczewski
41%
Makowski
40%
Nowogródzki
40%
Żytomierski
39%
Rypiński
38%
Zambrowski
38%
Czerski
37%
Gostyniński
37%
Opoczyński
37%
Sierpski
37%
Czernihowski
36%
Dobrzyński
36%
Koleński
36%
Lidzki
36%
Warecki
36%
Winnicki
36%
Bełski
35%
Człuchowski
35%
Kościański
35%
Bracławski
34%
Buski
34%
Drohiczyński
34%
Ostrzeszowski
33%
Halicki
32%
Śląski
32%
Wiski
32%
Wiślicki
32%
Włodzimierski
32%
Brzeziński
31%
Krasnostawski
31%
Radziejowski
31%
Wałecki
31%
Wschowski
31%
Zakroczymski
31%
Chęciński
30%
Lipnowski
30%
Drohobycki
29%
Krzemieniecki
29%
Serocki
28%
Słucki
28%
Mielnicki
27%
Oszmiański
27%
Upicki
27%
Biecki
26%
Czerwonogrodzki
26%
Stryjski
26%
Urzędowski
26%
Wiłkomierski
26%
Błoński
25%
Brasławski
25%
Horodelski
25%
Kruszwicki
25%
Mozyrski
25%
Mszczonowski
25%
Nowomiejski
25%
Nurski
25%
Owrucki
25%
Pilzneński
25%
Rzeczycki
25%
Słonimski
25%
Tarczyński
25%
Trembowelski
25%
Wołkowyski
25%
Kamieńczykowski
24%
Latyczowski
24%
Lelowski
24%
Proszowski
24%
Pyzdrski
24%
Samborski
24%
Sandecki
24%
Starodubowski
24%
Żydaczowski
24%
Grabowiecki
23%
Michałowski
23%
Państwo Muszyńskie
23%
Raciąski
23%
Stężycki
23%
Kcyński
21%
Klucz Sławkowski
21%
Księski
21%
Mirachowski
21%
Nowski
21%
Radziłowski
21%
Wąsoski
21%
Szczyrzycki
19%
Szreński
18%
Gąbiński
17%
Niedzborski
17%
Przedecki
17%
Różański
17%
Kowalski
15%
Orłowski
15%
Szadkowski
15%
Sąchocki
14%
Nie znaleziono quizów pasujących do podanych kryteriów
Rozkład punktacji
Procent ludzi z każdym wynikiem
Percentyl według liczby udzielonych odpowiedzi
Twoja historia wyników
Nie rozwiązałeś tego quizu od ostatniego zresetowania